000
00272nam a2200109Ia 4500
001
1268745
005
20260417145256.0
008
260417s9999 xx 000 0 und d
020
_a
9786255888297
245
0
_a
Uzak Uyku
_c
Elif Canıbek Kesikoğlu
260
_b
Ketebe Genç
999
_c
1268745
_d
1268745